Kvalita manažérov - rozhodujúci faktor ekonomického rastu komplexná príprava absolventa univerzity stojí 143-tisíc dolárov

Stúpajúci vplyv kvality riadiacich a rozhodovacích procesov a špičkových manažérov. Hodnotenie a podpora najelitnejších inštitúcií pripravujúcich odborníkov v oblasti riadenia. Najúspešnejšie univerzity umiestnené v hodnotení TOP 50 každoročne organizovanom denníkom Financial Times a ich prednosti....

Full description

Saved in:
Bibliographic Details
Main Author: Baláž, Peter
Format: Book Chapter
Language:Slovak
Subjects:
Tags: Add Tag
No Tags, Be the first to tag this record!

MARC

LEADER 00000naa a2200000 4500
001 r034608
005 20230824100246.3
041 0 |a slo 
044 |a SK 
245 1 0 |a Kvalita manažérov - rozhodujúci faktor ekonomického rastu  |b komplexná príprava absolventa univerzity stojí 143-tisíc dolárov  |c Peter Baláž 
520 |a Stúpajúci vplyv kvality riadiacich a rozhodovacích procesov a špičkových manažérov. Hodnotenie a podpora najelitnejších inštitúcií pripravujúcich odborníkov v oblasti riadenia. Najúspešnejšie univerzity umiestnené v hodnotení TOP 50 každoročne organizovanom denníkom Financial Times a ich prednosti. Najvyššie príjmy absolventov týchto univerzít. Rebríček univerzít vzdelávajúcich manažérov v európskom meradle. Stúpajúci počet študentov ekonomiky. Financovanie a riadenie prestížnych univerzít. Vzájomný vzťah miery úspešnosti ekonomík a ich vzdelávacích systémov. 
610 2 0 |a univerzity 
610 2 0 |a vzdelávanie 
610 2 0 |a manažéri 
610 2 0 |a pracovníci riadiaci 
610 2 0 |a príprava odborná 
610 2 0 |a absolventi 
610 2 0 |a ekonómia 
610 2 0 |a odbornosť 
610 2 0 |a odbory študijné 
610 2 0 |a študenti 
610 2 0 |a financovanie 
610 2 0 |a riadenie 
610 2 0 |a USA 
610 2 0 |a Európa 
100 1 |a Baláž, Peter